02892nam a2200421 i 4500001001000000003000900010005001700019007000300036008004100039040003000080041000800110082002200118100005900140245011900199264003800318300002400356336002700380337003300407338002800440490005300468500007500521505055200596590002601148650005501174650002801229651004201257700007401299700005701373710005201430910003701482942001401519952019501533952014001728952014001868952018602008952025902194999001702453000026090DO-SdBNP20260526131943.0ta110301s1994 dr 000 0 spa d aDO-SdBNPbspacBNPHUerda aspa 4a972.93bA385v2221 aAlfau Durán, Vetilio,d1909-1985eautor4aut.91009110aVetilio Alfau Durán en el Listín Diario /ccompiladores, Arístides Incháustegui, Blanca Delgado Malagón. 1aSanto Domingo :bCorripio,c1994. a2 volumen ;a23 cm. atextobtxt2rdacontent asin mediaciónbn2rdamedia avolumenbnc2rdacarrier0 aSesquicentenario de la Independencia Nacionalv8 aIncluye referencias bibliográficas y notas al pie de las páginas.0 aPalabras /rJorge Tena Reyes --gv. 1--rEscritos--tNotas biográficas --tHigüey --tNoticias históricas --gv.2--tEscritos--tOtras notas históricas --tDerecho constitucional --tControversias --tRectificaciones y aclaracionestDiscursos --tIglesia y sociedad --tEducación --tBibliográficas --tJuvenilia --tComentarios acerca de Vetilio Alfau Durán publicados en el Listín Diario --gÍndice onomástico --gApéndice:tRelación cronológica de escritos y anotaciones de Vetilio alfau Durán en el Listín diario. aInventariado, 2020/VM 4aDiarios dominicanosxSecciones, columnas, etc.944 4aEnsayos dominicanos965 4aRepública DominicanaxHistoria91701 aIncháustegui Cabral, Héctor,d1912-1979ecompilador4comp.9210241 aDelgado Malagón, Blanca,ecompilador4comp.9229282 aListín Diario (República Dominicana)953034 aValidado. Control de calidad EMS 2ddccLBS1 00102ddc56708DSaBNPHUbBNPHUcHDd2019-08-05eDonado por el Colegio Nuestra Señora de Lourdesl0oBNPHU DS 972.93 A385vp26090-40r2020-06-25tv.2, e.3w2020-06-25yLBS1ZNo se presta 00102ddc51708PDaBNPHUbBNPHUcHDd2011-03-01l0oBNPHU PD 972.93 A385v p26090-10r2020-06-25tv.1w2020-06-25yLBS1ZNo se presta 00102ddc51708PDaBNPHUbBNPHUcHDd2011-03-01l0oBNPHU PD 972.93 A385v p26090-20r2020-06-25tv.2w2020-06-25yLBS1ZNo se presta 00102ddc51708PDaBNPHUbBNPHUcHDd2013-04-23eDonado por el Museo de las Casas Realesl0oBNPHU PD 972.93 A385v p26090-30r2020-06-25tv.2, e.2w2020-06-25yLBS1ZNo se presta 00102ddc56708DSaBNPHUbBNPHUcHDd2023-12-01eDonado por la Presidencia de la República Dominicana 2023.l0oBNPHU DS 972.93 A385vp2024-6585r2024-11-22tv.2, e. 4w2024-11-22yLBS1zPerteneció a la biblioteca personal de Emilio Cordero Michel. c25582d25582